Beaumont and Fletcher / (Record no. 17793)
[ view plain ]
| 000 -LEADER | |
|---|---|
| fixed length control field | 00868nam a2200265 a 4500 |
| 001 - CONTROL NUMBER | |
| control field | 17793 |
| 003 - CONTROL NUMBER IDENTIFIER | |
| rucl marc code | BD-RjUL |
| 005 - DATE AND TIME OF LATEST TRANSACTION | |
| control field | 20220424112029.0 |
| 008 - FIXED-LENGTH DATA ELEMENTS--GENERAL INFORMATION | |
| fixed length control field | 140219s1950 enkac 000 0 eng d |
| 035 ## - SYSTEM CONTROL NUMBER | |
| System control number | (BD-RjUL)17851 |
| 040 ## - CATALOGING SOURCE | |
| Original cataloging agency | BD-RjUL |
| Language of cataloging | eng |
| Transcribing agency | BD-RjUL |
| Modifying agency | BD-RjUL |
| 041 ## - LANGUAGE CODE | |
| Language code of text/sound track or separate title | eng |
| 082 ## - DEWEY DECIMAL CLASSIFICATION NUMBER | |
| Classification number | 822.3 |
| Author mark and year | BEA |
| 245 00 - TITLE STATEMENT | |
| Title | Beaumont and Fletcher / |
| Statement of responsibility, etc. | edited, with an introduction and notes by J. St. Loe Strachey |
| 260 ## - PUBLICATION, DISTRIBUTION, ETC. (IMPRINT) | |
| Place of publication, distribution, etc. | London : |
| Name of publisher, distributor, etc. | Ernest Benn ltd., |
| Date of publication, distribution, etc. | 1949,1950. |
| 300 ## - PHYSICAL DESCRIPTION | |
| Pagination | 2 v. (519 p. ) : |
| Illustrations | fronts. (ports.) ; |
| Size | 19 cm. |
| 505 01 - FORMATTED CONTENTS NOTE | |
| Formatted contents note | Vol.1 -- Vol. 2-- |
| 600 ## - SUBJECT ADDED ENTRY--PERSONAL NAME | |
| Personal name | Beaumont, Francis, |
| Dates associated with a name | 1584-1616 |
| Personal name | Fletcher, John, |
| Dates associated with a name | 1579-1625. |
| 650 ## - SUBJECT ADDED ENTRY--TOPICAL TERM | |
| Topical term or geographic name as entry element | English drama |
| 700 1# - ADDED ENTRY--PERSONAL NAME | |
| Personal name | Beaumont, Francis, |
| Dates associated with a name | 1579-1625. |
| Personal name | Strachey, John St. Loe, |
| Dates associated with a name | 1860-1927. |
| 830 #0 - SERIES ADDED ENTRY--UNIFORM TITLE | |
| Uniform title | Mermaid series |
| 942 ## - ADDED ENTRY ELEMENTS (KOHA) | |
| Source of classification or shelving scheme | Dewey Decimal Classification |
| Koha item type | Books |
| Lost status | Source of classification or shelving scheme | Damaged status | Not for loan | Collection code | Permanent Location | Current Location | Shelving location | Date acquired | Source of acquisition | Cost, normal purchase price | Total Checkouts | Full call number | Date last seen | Copy number | Koha item type |
|---|---|---|---|---|---|---|---|---|---|---|---|---|---|---|---|
| Dewey Decimal Classification | Not For Loan | Fiction | Central Library, University of Rajshahi | Central Library, University of Rajshahi | Reading Room | 19/03/1964 | Zeitlinger | 12.60 | 822.3 BEA V-2 1950 | 19/02/2014 | C-1 | Books | |||
| Dewey Decimal Classification | Not For Loan | Fiction | Central Library, University of Rajshahi | Central Library, University of Rajshahi | Reading Room | 19/03/1964 | Zeitlinger | 12.60 | 822.3 BEA V-1 1949 | 24/04/2022 | C-1 | Books |